Southville International School and Colleges
Your cart is empty.
  • Cart
  • Lists
    Public lists Eva Luna New books Lux_list list_1
    Your lists Log in to create your own lists
  • Log in to your account
  • Your cookies
  • Search history
Southville International School and Colleges
  • Advanced search
  • Recent comments
  • Most popular
  • Libraries

Log in to your account

Log in with GOOGLE


If you do not have an external account, but do have a local account, you can still log in:

  1. Home
  2. MARC view: Developing 6 sigma competencies /
Normal view MARC view ISBD view

Developing 6 sigma competencies / (Record no. 357717)

[ view plain ]
MARC details
000 -LEADER
fixed length control field 00627nam a2200229Ia 4500
008 - FIXED-LENGTH DATA ELEMENTS--GENERAL INFORMATION
fixed length control field 180523s9999 xx 000 0 und d
020 ## - INTERNATIONAL STANDARD BOOK NUMBER
International Standard Book Number 81-7446-309-7
050 ## - LIBRARY OF CONGRESS CALL NUMBER
Classification number MAIN TS 156
050 ## - LIBRARY OF CONGRESS CALL NUMBER
Item number .C43 2002
100 ## - MAIN ENTRY--PERSONAL NAME
Personal name Chalapathi, R.S.
245 #0 - TITLE STATEMENT
Title Developing 6 sigma competencies /
245 #0 - TITLE STATEMENT
Statement of responsibility, etc R.S. Chalapathi.
260 ## - PUBLICATION, DISTRIBUTION, ETC. (IMPRINT)
Place of publication, distribution, etc New Delhi :
260 ## - PUBLICATION, DISTRIBUTION, ETC. (IMPRINT)
Name of publisher, distributor, etc Excel Books.,
260 ## - PUBLICATION, DISTRIBUTION, ETC. (IMPRINT)
Date of publication, distribution, etc 2002
300 ## - PHYSICAL DESCRIPTION
Extent 158 pages :
300 ## - PHYSICAL DESCRIPTION
Dimensions 21 cm.
500 ## - GENERAL NOTE
General note Includes index.
650 ## - SUBJECT ADDED ENTRY--TOPICAL TERM
Topical term or geographic name as entry element Production management -- Quality control.
650 ## - SUBJECT ADDED ENTRY--TOPICAL TERM
Topical term or geographic name as entry element Six sigma (Quality control standard).
650 ## - SUBJECT ADDED ENTRY--TOPICAL TERM
General subdivision Total quality management.
Holdings
Withdrawn status Lost status Damaged status Home library Current library Shelving location Date acquired Cost, normal purchase price Total Checkouts Full call number Barcode Date last seen Price effective from Koha item type
      South Mansfield College South Mansfield College   03/07/2005 526.00   MAIN TS 156 .C43 2002 SMC00629 05/23/2018 05/23/2018  

Developing 6 sigma competencies /

APA

Chalapathi R., .Developing 6 sigma competencies. New Delhi: .

Chicago

Chalapathi R.S, .Developing 6 sigma competencies. New Delhi: .

Harvard

Chalapathi R., .Developing 6 sigma competencies. New Delhi: .

MLA

Chalapathi R.S, .New Delhi: . .

  • Place hold
  • Print
  • Cite
  • Add to your cart (remove)
  • Save record
    BIBTEX Dublin Core MARCXML MARC (non-Unicode/MARC-8) MARC (Unicode/UTF-8) MARC (Unicode/UTF-8, Standard) MODS (XML) RIS
  • More searches
    Search for this title in:
    Other Libraries (WorldCat) Other Databases (Google Scholar) Online Stores (Bookfinder.com) Open Library (openlibrary.org)

Exporting to Dublin Core...

SOUTHVILLE LIBRARY

Southville International School and Colleges Library

1281 Tropical Ave. Cor. Luxembourg St., BF Homes International, Las Pinas City

Tel. No. 8256374 / 252358 Loc. 117/146

Powered by Koha